Statistics for UFC Light Heavyweight Champions

Click here to take the quiz!

General Stats

  • This quiz has been taken 1,000 times
    (647 since last reset)
  • The average score is 10 of 15

Answer Stats

HintAnswer% Correct
2011Jon Jones
98%
2018Jon Jones
98%
2015Daniel Cormier
95%
2020Jan Blachowicz
74%
2005Chuck Liddell
67%
2010Mauricio Shogun Rua
64%
2009Lyoto Machida
63%
2007Quinton Rampage Jackson
62%
2000Tito Ortiz
62%
2003Randy Couture
60%
2004Randy Couture
60%
2008Rashad Evans
58%
2008Forest Griffin
47%
1997Frank Shamrock
47%
2004Vitor Belfort
39%

Score Distribution

Percentile by Number Answered

Percent of People with Each Score

Your Score History

You have not taken this quiz since the last reset